000 00619nam a2200241 i 4500
001 C2-0084343
003 PPAK
005 20180727085921.0
008 970429s1989 nyu |||| ||||| | eng d
020 _a0688063322
040 _aPPAK
_beng
_cPPAK
_erda
082 0 4 _a823
_223
090 0 0 _a823
_bPIC
_dG
100 1 _aPicano, Felice,
_eauthor
245 1 0 _aTo the seventh power
264 1 _aNew York :
_bWilliam Morrow ,
_c1989
300 _a311 pages ;
_c24 cm
336 _2rdacontent
_atext
337 _2rdamedia
_aunmediated
338 _2rdacarrier
_avolume
650 1 0 _aEnglish fiction
942 _ddc
_cB
999 _c16405
_d16405